<?xml version="1.0" encoding="UTF-8"?>
<record
    xmlns:xsi="http://www.w3.org/2001/XMLSchema-instance"
    xsi:schemaLocation="http://www.loc.gov/MARC21/slim http://www.loc.gov/standards/marcxml/schema/MARC21slim.xsd"
    xmlns="http://www.loc.gov/MARC21/slim">

  <leader>01312cam a2200325 a 4500</leader>
  <controlfield tag="001">17735163</controlfield>
  <controlfield tag="005">20260328063322.0</controlfield>
  <controlfield tag="008">121016s2010    ag ab    b   |000 0 spa d</controlfield>
  <datafield tag="010" ind1=" " ind2=" ">
    <subfield code="a">  2012519284</subfield>
  </datafield>
  <datafield tag="020" ind1=" " ind2=" ">
    <subfield code="a">9789503406984</subfield>
  </datafield>
  <datafield tag="040" ind1=" " ind2=" ">
    <subfield code="a">AR-BaFGC</subfield>
    <subfield code="c">AR-BaFGC</subfield>
    <subfield code="d">DLC</subfield>
    <subfield code="d">AR-MoUNM</subfield>
  </datafield>
  <datafield tag="043" ind1=" " ind2=" ">
    <subfield code="a">s-ag---</subfield>
  </datafield>
  <datafield tag="082" ind1=" " ind2=" ">
    <subfield code="2">20</subfield>
    <subfield code="a">614</subfield>
    <subfield code="b">DES 441</subfield>
  </datafield>
  <datafield tag="245" ind1="0" ind2="0">
    <subfield code="a">Desarrollo, salud humana y amenazas ambientales :</subfield>
    <subfield code="b">la crisis de la sustentabilidad /</subfield>
    <subfield code="c">editor principal, Horacio Luis Barrag&#xE1;n ; editores, Adri&#xE1;n Pascual ; Marcelo Javier Bourgeois ; Oscar Alfredo Ojea.</subfield>
  </datafield>
  <datafield tag="260" ind1=" " ind2=" ">
    <subfield code="a">La Plata :</subfield>
    <subfield code="b">Universidad Nacional de La Plata,</subfield>
    <subfield code="c">2010.</subfield>
  </datafield>
  <datafield tag="300" ind1=" " ind2=" ">
    <subfield code="a">523 p. :</subfield>
    <subfield code="b">il., mapas ;</subfield>
    <subfield code="c">30 cm.</subfield>
  </datafield>
  <datafield tag="504" ind1=" " ind2=" ">
    <subfield code="a">Incluye referencias bibliogr&#xE1;ficas.</subfield>
  </datafield>
  <datafield tag="650" ind1=" " ind2="7">
    <subfield code="2">unescot</subfield>
    <subfield code="a">DESARROLLO HUMANO</subfield>
    <subfield code="9">353</subfield>
  </datafield>
  <datafield tag="650" ind1=" " ind2="7">
    <subfield code="a">SALUD</subfield>
    <subfield code="2">unescot</subfield>
    <subfield code="9">1181</subfield>
  </datafield>
  <datafield tag="650" ind1=" " ind2="7">
    <subfield code="2">unescot</subfield>
    <subfield code="a">CONTAMINACION</subfield>
    <subfield code="9">2313</subfield>
  </datafield>
  <datafield tag="650" ind1=" " ind2="7">
    <subfield code="2">mpirdes</subfield>
    <subfield code="a">RIESGOS PARA LA SALUD</subfield>
    <subfield code="9">5027</subfield>
  </datafield>
  <datafield tag="650" ind1=" " ind2="7">
    <subfield code="a">MEDIO AMBIENTE</subfield>
    <subfield code="2">unescot</subfield>
    <subfield code="9">1783</subfield>
  </datafield>
  <datafield tag="650" ind1=" " ind2="7">
    <subfield code="2">mpirdes</subfield>
    <subfield code="a">SUSTANCIAS PELIGROSAS</subfield>
    <subfield code="9">5026</subfield>
  </datafield>
  <datafield tag="650" ind1=" " ind2="7">
    <subfield code="a">TRATAMIENTO DE DESECHOS</subfield>
    <subfield code="2">unescot</subfield>
    <subfield code="9">2315</subfield>
  </datafield>
  <datafield tag="651" ind1=" " ind2="7">
    <subfield code="2">unescot</subfield>
    <subfield code="a">ARGENTINA</subfield>
    <subfield code="9">2590</subfield>
  </datafield>
  <datafield tag="700" ind1="1" ind2=" ">
    <subfield code="a">Barrag&#xE1;n, Horacio Luis.</subfield>
    <subfield code="9">5022</subfield>
    <subfield code="e">ed.</subfield>
  </datafield>
  <datafield tag="856" ind1="4" ind2="1">
    <subfield code="3">Tabla de contenidos</subfield>
    <subfield code="u">http://www.loc.gov/catdir/toc/gc01/9789503406984.pdf</subfield>
  </datafield>
  <datafield tag="856" ind1="4" ind2="1">
    <subfield code="u">http://core.cambeiro.com.ar/0-161999-0.pdf</subfield>
  </datafield>
  <datafield tag="942" ind1=" " ind2=" ">
    <subfield code="c">LIBRO</subfield>
  </datafield>
  <datafield tag="999" ind1=" " ind2=" ">
    <subfield code="c">2015</subfield>
    <subfield code="d">2015</subfield>
  </datafield>
  <datafield tag="952" ind1=" " ind2=" ">
    <subfield code="0">0</subfield>
    <subfield code="1">0</subfield>
    <subfield code="4">0</subfield>
    <subfield code="7">0</subfield>
    <subfield code="a">UNM</subfield>
    <subfield code="b">UNM</subfield>
    <subfield code="d">2013-06-19</subfield>
    <subfield code="i">4725</subfield>
    <subfield code="l">3</subfield>
    <subfield code="m">3</subfield>
    <subfield code="o">614 DES 441</subfield>
    <subfield code="p">4725</subfield>
    <subfield code="r">2015-05-04 00:00:00</subfield>
    <subfield code="s">2015-04-24</subfield>
    <subfield code="t">Ej. C</subfield>
    <subfield code="w">2013-06-19</subfield>
    <subfield code="y">LIBRO</subfield>
  </datafield>
</record>
